[Event "IND-ch U15 47th"]
[Site "New Delhi"]
[Date "2022.12.06"]
[Round "11"]
[White "Harshit, Jaggi"]
[Black "Ashwin, Sairam"]
[Result "0-1"]
[WhiteElo "1526"]
[BlackElo "1701"]
[PlyCount "46"]
[EventDate "2022.11.28"]
[EventType "swiss"]
[EventRounds "11"]
[EventCountry "IND"]
[SourceTitle "EXT 2024"]
[Source "ChessBase"]
[SourceDate "2023.10.10"]
[SourceVersion "1"]
[SourceVersionDate "2023.10.10"]
[SourceQuality "1"]

1. e4 d6 2. d4 Nf6 3. f3 e5 4. Ne2 Be7 5. c4 c6 6. Nbc3 0-0 7. d5 cxd5 8. cxd5 Nh5 9. Be3 f5 10. exf5 Rxf5 11. Qd2 Rf8 12. Ne4 Bf5 13. N2c3 a6 14. Bd3 Bg6 15. 0-0-0 Nd7 16. Ng5 Bxg5 17. Bxg5 Qe8 18. Ne4 Rc8+ 19. Kb1 Nc5 20. Nxc5 Rxc5 21. Ka1 Bxd3 22. Qxd3 Nf4 23. Rd2 Nxd3 0-1

[Event "Hannibal Online op U14"]
[Site "Chess.com INT"]
[Date "2020.06.09"]
[Round "9"]
[White "Ashwin, Sairam"]
[Black "Tashkinova, Sofiia"]
[Result "0-1"]
[WhiteElo "1670"]
[BlackElo "1788"]
[PlyCount "136"]
[EventDate "2020.06.01"]
[EventType "swiss"]
[EventRounds "9"]
[EventCountry "MDA"]
[SourceTitle "CBM 196 Extra"]
[Source "ChessBase"]
[SourceDate "2020.07.31"]
[SourceVersion "1"]
[SourceVersionDate "2020.07.31"]
[SourceQuality "1"]

1. e4 e6 2. Nf3 d5 3. Nc3 d4 4. Ne2 c5 5. c3 Nf6 6. e5 Nfd7 7. cxd4 cxd4 8. Nexd4 Nxe5 9. Bb5+ Nec6 10. 0-0 Be7 11. Nxc6 Nxc6 12. Ne5 Bd7 13. Bxc6 Bxc6 14. Nxc6 bxc6 15. Qa4 Qd5 16. d4 Qb5 17. Qc2 0-0 18. Be3 a5 19. Rac1 Rfc8 20. f4 g6 21. Rf2 a4 22. Qc4 Rab8 23. Qxb5 cxb5 24. Rfc2 Rd8 25. Kf2 Bf6 26. Rd2 Kg7 27. Rc5 Rd7 28. Kf3 Kf8 29. b3 Be7 30. Rc6 Ra8 31. Rdc2 axb3 32. Rc8+ Kg7 33. Rxa8 bxc2 34. Rc8 Ra7 35. Rxc2 Ra3 36. Ke2 Kf6 37. Bc1 Ra4 38. Kf3 Bd6 39. Re2 h5 40. h3 Rc4 41. Bb2 Ke7 42. g3 Kd7 43. Ke4 Ra4 44. Bc1 f5+ 45. Kd3 Be7 46. Rc2 Bf6 47. Be3 Kd6 48. Rb2 Kc6 49. Rc2+ Kb7 50. Rb2 Kc6 51. Rc2+ Kd6 52. Rb2 Ra3+ 53. Rb3 Rxa2 54. Rxb5 Rg2 55. Rb6+ Kd5 56. Rb5+ Kc6 57. Rc5+ Kd6 58. Ra5 Rxg3 59. Ra6+ Ke7 60. Ra7+ Ke8 61. Ra8+ Bd8 62. Ke2 Kd7 63. Ra7+ Kd6 64. d5 Rxe3+ 65. Kd2 Rxh3 66. dxe6 Kxe6 67. Ra6+ Kf7 68. Ra7+ Be7 0-1